<?xml version="1.0" encoding="UTF-8"?>
<record
    xmlns:xsi="http://www.w3.org/2001/XMLSchema-instance"
    xsi:schemaLocation="http://www.loc.gov/MARC21/slim http://www.loc.gov/standards/marcxml/schema/MARC21slim.xsd"
    xmlns="http://www.loc.gov/MARC21/slim">

  <leader>01989nam a2200277   4500</leader>
  <controlfield tag="003">NALT</controlfield>
  <controlfield tag="005">20260206104611.0</controlfield>
  <controlfield tag="008">260202b        th ||||| |||| 00| 0 tha d</controlfield>
  <datafield tag="020" ind1=" " ind2=" ">
    <subfield code="a">9786169400950</subfield>
  </datafield>
  <datafield tag="040" ind1=" " ind2=" ">
    <subfield code="a">NALT</subfield>
  </datafield>
  <datafield tag="050" ind1=" " ind2=" ">
    <subfield code="a">BQ 4195</subfield>
    <subfield code="b">&#xE1E;831&#xE04; 2567</subfield>
  </datafield>
  <datafield tag="100" ind1="0" ind2=" ">
    <subfield code="a">&#xE1E;&#xE38;&#xE17;&#xE18;&#xE17;&#xE32;&#xE2A;&#xE20;&#xE34;&#xE01;&#xE02;&#xE38;</subfield>
    <subfield code="9">6334</subfield>
  </datafield>
  <datafield tag="245" ind1="1" ind2="0">
    <subfield code="a">&#xE04;&#xE39;&#xE48;&#xE21;&#xE37;&#xE2D;&#xE21;&#xE19;&#xE38;&#xE29;&#xE22;&#xE4C; (&#xE09;&#xE1A;&#xE31;&#xE1A;&#xE22;&#xE48;&#xE2D;) / </subfield>
    <subfield code="c">&#xE02;&#xE2D;&#xE07; &#xE1E;&#xE38;&#xE17;&#xE18;&#xE17;&#xE32;&#xE2A;&#xE20;&#xE34;&#xE01;&#xE02;&#xE38; ; &#xE22;&#xE48;&#xE2D;&#xE04;&#xE27;&#xE32;&#xE21;&#xE42;&#xE14;&#xE22; &#xE20;&#xE34;&#xE01;&#xE02;&#xE38; &#xE09;. &#xE0A;&#xE38;&#xE15;&#xE34;&#xE27;&#xE31;&#xE13;&#xE42;&#xE13;.</subfield>
  </datafield>
  <datafield tag="250" ind1=" " ind2=" ">
    <subfield code="a">&#xE1E;&#xE34;&#xE21;&#xE1E;&#xE4C;&#xE04;&#xE23;&#xE31;&#xE49;&#xE07;&#xE17;&#xE35;&#xE48; 3.</subfield>
  </datafield>
  <datafield tag="260" ind1=" " ind2=" ">
    <subfield code="a">&#xE01;&#xE23;&#xE38;&#xE07;&#xE40;&#xE17;&#xE1E;&#xE2F; :</subfield>
    <subfield code="b">&#xE21;&#xE39;&#xE25;&#xE19;&#xE34;&#xE18;&#xE34;&#xE2B;&#xE2D;&#xE08;&#xE14;&#xE2B;&#xE21;&#xE32;&#xE22;&#xE40;&#xE2B;&#xE15;&#xE38;&#xE1E;&#xE38;&#xE17;&#xE18;&#xE17;&#xE32;&#xE2A; &#xE2D;&#xE34;&#xE19;&#xE17;&#xE1B;&#xE31;&#xE0D;&#xE42;&#xE0D;,</subfield>
    <subfield code="c">2567.</subfield>
  </datafield>
  <datafield tag="300" ind1=" " ind2=" ">
    <subfield code="a">103 &#xE2B;&#xE19;&#xE49;&#xE32; :</subfield>
    <subfield code="b">&#xE20;&#xE32;&#xE1E;&#xE1B;&#xE23;&#xE30;&#xE01;&#xE2D;&#xE1A; ;</subfield>
    <subfield code="c">19 &#xE0B;&#xE21;.</subfield>
  </datafield>
  <datafield tag="505" ind1="2" ind2=" ">
    <subfield code="a">1. &#xE17;&#xE48;&#xE32;&#xE19;&#xE0A;&#xE2D;&#xE1A;&#xE1E;&#xE38;&#xE17;&#xE18;&#xE28;&#xE32;&#xE2A;&#xE19;&#xE32;&#xE43;&#xE19;&#xE40;&#xE2B;&#xE25;&#xE35;&#xE48;&#xE22;&#xE21;&#xE44;&#xE2B;&#xE19; -- 2. &#xE1E;&#xE38;&#xE17;&#xE18;&#xE28;&#xE32;&#xE2A;&#xE19;&#xE32;&#xE21;&#xE38;&#xE48;&#xE07;&#xE0A;&#xE35;&#xE49;&#xE2D;&#xE30;&#xE44;&#xE23;&#xE40;&#xE1B;&#xE47;&#xE19;&#xE2D;&#xE30;&#xE44;&#xE23; -- 3. &#xE25;&#xE31;&#xE01;&#xE29;&#xE13;&#xE30;&#xE2A;&#xE32;&#xE21;&#xE31;&#xE0D;&#xE02;&#xE2D;&#xE07;&#xE2A;&#xE34;&#xE48;&#xE07;&#xE17;&#xE31;&#xE49;&#xE07;&#xE1B;&#xE27;&#xE07; -- 4. &#xE2D;&#xE33;&#xE19;&#xE32;&#xE08;&#xE02;&#xE2D;&#xE07;&#xE04;&#xE27;&#xE32;&#xE21;&#xE22;&#xE36;&#xE14;&#xE15;&#xE34;&#xE14; -- 5. &#xE02;&#xE31;&#xE49;&#xE19;&#xE02;&#xE2D;&#xE07;&#xE01;&#xE32;&#xE23;&#xE1B;&#xE0F;&#xE34;&#xE1A;&#xE31;&#xE15;&#xE34;&#xE28;&#xE32;&#xE2A;&#xE19;&#xE32; -- 6. &#xE04;&#xE19;&#xE40;&#xE23;&#xE32;&#xE15;&#xE34;&#xE14;&#xE2D;&#xE2D;&#xE30;&#xE44;&#xE23; -- 7. &#xE01;&#xE32;&#xE23;&#xE17;&#xE33;&#xE43;&#xE2B;&#xE49;&#xE23;&#xE39;&#xE49;&#xE41;&#xE08;&#xE49;&#xE07;&#xE15;&#xE32;&#xE21;&#xE27;&#xE34;&#xE18;&#xE35;&#xE18;&#xE23;&#xE23;&#xE21;&#xE0A;&#xE32;&#xE15;&#xE34; -- 8. &#xE01;&#xE32;&#xE23;&#xE17;&#xE33;&#xE43;&#xE2B;&#xE49;&#xE23;&#xE39;&#xE49;&#xE41;&#xE08;&#xE49;&#xE07;&#xE15;&#xE32;&#xE21;&#xE2B;&#xE25;&#xE31;&#xE01;&#xE27;&#xE34;&#xE0A;&#xE32; -- 9. &#xE25;&#xE33;&#xE14;&#xE31;&#xE1A;&#xE41;&#xE2B;&#xE48;&#xE07;&#xE01;&#xE32;&#xE23;&#xE2B;&#xE25;&#xE38;&#xE14;&#xE1E;&#xE49;&#xE19;&#xE08;&#xE32;&#xE01;&#xE42;&#xE25;&#xE01; -- 10. &#xE2A;&#xE23;&#xE38;&#xE1B;&#xE04;&#xE27;&#xE32;&#xE21;.</subfield>
  </datafield>
  <datafield tag="600" ind1="0" ind2="4">
    <subfield code="a">&#xE1E;&#xE38;&#xE17;&#xE18;&#xE17;&#xE32;&#xE2A;&#xE20;&#xE34;&#xE01;&#xE02;&#xE38;</subfield>
    <subfield code="x">&#xE18;&#xE23;&#xE23;&#xE21;&#xE40;&#xE17;&#xE28;&#xE19;&#xE32;</subfield>
    <subfield code="9">6335</subfield>
  </datafield>
  <datafield tag="650" ind1=" " ind2="4">
    <subfield code="a">&#xE18;&#xE23;&#xE23;&#xE21;&#xE30; (&#xE1E;&#xE38;&#xE17;&#xE18;&#xE28;&#xE32;&#xE2A;&#xE19;&#xE32;)</subfield>
    <subfield code="9">350</subfield>
  </datafield>
  <datafield tag="700" ind1="0" ind2=" ">
    <subfield code="a">&#xE20;&#xE34;&#xE01;&#xE02;&#xE38; &#xE09;. &#xE0A;&#xE38;&#xE15;&#xE34;&#xE27;&#xE31;&#xE13;&#xE42;&#xE13;</subfield>
    <subfield code="9">67367</subfield>
  </datafield>
  <datafield tag="942" ind1=" " ind2=" ">
    <subfield code="2">lcc</subfield>
    <subfield code="c">GB</subfield>
  </datafield>
  <datafield tag="996" ind1=" " ind2=" ">
    <subfield code="a">jidapa.t</subfield>
    <subfield code="b">ACQSTF</subfield>
    <subfield code="c">2026-02-02</subfield>
  </datafield>
  <datafield tag="996" ind1=" " ind2=" ">
    <subfield code="a">varee.k</subfield>
    <subfield code="b">LIBSTF</subfield>
    <subfield code="c">2026-02-04</subfield>
  </datafield>
  <datafield tag="996" ind1=" " ind2=" ">
    <subfield code="a">saiphon.d</subfield>
    <subfield code="b">CATSTF	</subfield>
    <subfield code="c">2026-02-06</subfield>
  </datafield>
  <datafield tag="999" ind1=" " ind2=" ">
    <subfield code="c">107723</subfield>
    <subfield code="d">107723</subfield>
  </datafield>
  <datafield tag="998" ind1=" " ind2=" ">
    <subfield code="j">104</subfield>
    <subfield code="k"> &#xE19;&#xE32;&#xE07;&#xE2A;&#xE32;&#xE27;&#xE2A;&#xE32;&#xE22;&#xE1D;&#xE19;  &#xE14;&#xE35;&#xE07;&#xE32;&#xE21;</subfield>
  </datafield>
  <datafield tag="952" ind1=" " ind2=" ">
    <subfield code="0">0</subfield>
    <subfield code="1">0</subfield>
    <subfield code="2">lcc</subfield>
    <subfield code="4">0</subfield>
    <subfield code="7">0</subfield>
    <subfield code="8">CGBL</subfield>
    <subfield code="a">NALT</subfield>
    <subfield code="b">NALT</subfield>
    <subfield code="c">GEN</subfield>
    <subfield code="d">2026-02-02</subfield>
    <subfield code="l">0</subfield>
    <subfield code="o">BQ 4195 &#xE1E;831&#xE04; 2567</subfield>
    <subfield code="p">3961216099</subfield>
    <subfield code="r">2026-02-02 00:00:00</subfield>
    <subfield code="w">2026-02-02</subfield>
    <subfield code="y">GB</subfield>
  </datafield>
</record>
